| 000 | 02279nam a22003738i 4500 | ||
|---|---|---|---|
| 001 | BDZ0050718189 | ||
| 003 | StDuBDS | ||
| 005 | 20230206134224.0 | ||
| 006 | m|||||o||d|||||||| | ||
| 007 | cr ||||||||||| | ||
| 008 | 230206s2022 enka fob 001|0|eng|d | ||
| 020 |
_a9781000782905 (PDF ebook) : _c42.99 |
||
| 040 | _aStDuBDS | ||
| 082 | 0 | 4 | _a692 |
| 100 | 1 |
_aGlover, Peter _eauthor. |
|
| 245 | 1 | 0 |
_aBuilding surveys _h[electronic resource] / _cPeter Glover. |
| 250 | _a9th edition. | ||
| 263 | _a202212 | ||
| 264 | 1 |
_aLondon : _bRoutledge, _c2022. |
|
| 300 |
_a1 online resource (370 pages) : _billustrations (black and white) |
||
| 336 |
_atext _2rdacontent |
||
| 336 |
_astill image _2rdacontent |
||
| 337 |
_acomputer _2rdamedia |
||
| 338 |
_aonline resource _2rdacarrier |
||
| 504 | _aIncludes bibliographical references and index. | ||
| 505 | 0 | _a1. Organization. 2. House Surveys. 3. Foundations. 4. Walls. 5. Floors. 6. Roofs and Chimneys. 7. Joinery and Woodwork. 8. Finishes and Surfaces. 9. Services. 10. Modern Methods of Construction and the Drive for Green Homes. 11. Grenfell and the Cladding Crisis. 12. The Report. 13. Traffic Light and Other Pro Forma Reports. 14. Reports on Non-residential Buildings. 15. Reports on Flats and Apartments. 16. New Buildings and Buildings Under Construction. 17. Reports on Older Buildings. 18. Reports on Leasehold Properties. 19. Reports on Prospective Mortagees. 20. A Typical Building Survey Report. 21. Legal Considerations. 22. Dilapidations. 23. Conservation and the Surveyor. 24. The Surveyor as Expert Witness. | |
| 520 | 8 | _aA practical guide for surveyors and others who may be asked to survey buildings and prepare reports. The book may also be of interest to members of the general public who may be contemplating buying or renovating buildings or who may be interested in the workings of the property market generally. | |
| 588 | _aDescription based on CIP data; resource not viewed. | ||
| 650 | 7 | _aBuilding Surveying | |
| 650 | 7 | _aEBOOK | |
| 690 |
_96225 _aBuilding surveying |
||
| 776 | 0 | 8 |
_iPrint version : _z9781032308845 |
| 856 | 4 | 0 |
_uhttps://www.vlebooks.com/vleweb/product/openreader?id=RICS&accId=9491556&isbn=9781000782905 _zView on VLEbooks. Logins for members only from [email protected] |
| 999 |
_c121368 _d121368 |
||